[Event "Chishmy Cup 08 B"]
[Site "Chishmy"]
[Date "2016.08.07"]
[Round "3"]
[White "Gataullin, Rezvan"]
[Black "Gardanov, Vadim"]
[Result "0-1"]
[WhiteElo "1163"]
[BlackElo "1358"]
[PlyCount "40"]
[EventDate "2016.08.06"]
[EventType "tourn"]
[EventRounds "9"]
[EventCountry "RUS"]
[SourceTitle "EXT 2022"]
[Source "ChessBase"]
[SourceDate "2021.10.06"]
[SourceVersion "1"]
[SourceVersionDate "2021.10.06"]
[SourceQuality "1"]

1. e4 e5 2. Nf3 Nf6 3. Nc3 Bb4 4. Nxe5 0-0 5. d3 Re8 6. Nf3 d5 7. Bg5 dxe4 8. dxe4 Qxd1+ 9. Rxd1 Nxe4 10. Be2 Bg4 11. 0-0 Bxc3 12. bxc3 Nxc3 13. Rde1 Rxe2 14. Rxe2 Nxe2+ 15. Kh1 Bxf3 16. gxf3 Nc6 17. Re1 Ned4 18. Re3 Nxc2 19. Rd3 b6 20. Bf4 N2d4 0-1

[Event "Chishmy Cup 03 A"]
[Site "Chishmy"]
[Date "2016.03.16"]
[Round "7"]
[White "Ganiev, Renat"]
[Black "Gardanov, Vadim"]
[Result "1-0"]
[WhiteElo "1927"]
[BlackElo "1282"]
[PlyCount "39"]
[EventDate "2016.03.13"]
[EventType "tourn"]
[EventRounds "9"]
[EventCountry "RUS"]
[SourceTitle "EXT 2022"]
[Source "ChessBase"]
[SourceDate "2021.10.06"]
[SourceVersion "1"]
[SourceVersionDate "2021.10.06"]
[SourceQuality "1"]

1. e4 d5 2. exd5 Qxd5 3. Nc3 Qa5 4. Nf3 Nc6 5. d4 Nf6 6. Bd2 b5 7. Bxb5 Qb6 8. d5 Bd7 9. Be3 Qb7 10. dxc6 Bxc6 11. Bxc6+ Qxc6 12. 0-0 e5 13. Nxe5 Qb7 14. Re1 Be7 15. Bc5 Rd8 16. Nd3 Rd7 17. Qe2 Ng8 18. Ne5 Bxc5 19. Nxd7+ Kxd7 20. Rad1+ 1-0

[Event "Chishmy Cup 03 A"]
[Site "Chishmy"]
[Date "2016.03.13"]
[Round "1"]
[White "Okishev, Grigoriy"]
[Black "Gardanov, Vadim"]
[Result "1-0"]
[WhiteElo "1805"]
[BlackElo "1282"]
[PlyCount "31"]
[EventDate "2016.03.13"]
[EventType "tourn"]
[EventRounds "9"]
[EventCountry "RUS"]
[SourceTitle "EXT 2022"]
[Source "ChessBase"]
[SourceDate "2021.10.06"]
[SourceVersion "1"]
[SourceVersionDate "2021.10.06"]
[SourceQuality "1"]

1. e4 c6 2. d4 d5 3. Nc3 Nf6 4. Bd3 Nxe4 5. Bxe4 dxe4 6. Nxe4 Bf5 7. Ng3 e6 8. Nxf5 exf5 9. Ne2 c5 10. 0-0 cxd4 11. Qxd4 Qxd4 12. Nxd4 g6 13. Re1+ Be7 14. Bg5 Nc6 15. Nxc6 bxc6 16. Rxe7+ 1-0

[Event "Chishmy Cup 02 B"]
[Site "Chishmy"]
[Date "2016.02.14"]
[Round "8"]
[White "Gardanov, Vadim"]
[Black "Abdullina, Adel"]
[Result "1-0"]
[WhiteElo "1184"]
[BlackElo "1109"]
[PlyCount "83"]
[EventDate "2016.02.14"]
[EventType "tourn"]
[EventRounds "11"]
[EventCountry "RUS"]
[SourceTitle "EXT 2022"]
[Source "ChessBase"]
[SourceDate "2021.10.06"]
[SourceVersion "1"]
[SourceVersionDate "2021.10.06"]
[SourceQuality "1"]

1. c4 c5 2. e4 e5 3. d3 d6 4. g3 g6 5. Bg2 Bg7 6. Nc3 Nc6 7. Nge2 Nf6 8. 0-0 0-0 9. Bd2 Bd7 10. Qc1 h6 11. Bxh6 Bxh6 12. Qxh6 Nh7 13. Kh1 Qg5 14. Qxg5 Nxg5 15. f4 Ne6 16. f5 Ned4 17. f6 a6 18. Nxd4 Nxd4 19. Nd5 Nc6 20. a3 Rac8 21. b4 cxb4 22. axb4 Be6 23. b5 axb5 24. cxb5 Nd4 25. Ne7+ Kh7 26. Nxc8 Rxc8 27. b6 Rc6 28. Rab1 Ba2 29. Rb2 Be6 30. Bf3 Nxf3 31. Rxf3 Rc3 32. Kg1 Kh6 33. Kf2 Bg4 34. Re3 Rc6 35. Ke1 Kg5 36. h4+ Kxf6 37. Kd2 Ke6 38. Re1 d5 39. exd5+ Kxd5 40. Rb5+ Kd6 41. Rexe5 f6 42. Rbd5# 1-0